000 00599nam a2200205Ia 4500
005 20250508162806.0
008 008 250505s9999 xx 000 0 eng d
020 _a81-85047-81-2
037 _aTextual
040 _aFEDL
_beng
_cFEDL
041 _aeng
_2eng
084 _a001.422, CHA
_qFEDL
100 _aChadha Narender K
245 0 _aStatistics for behavioral and social scientists
260 _aNew Delhi, India
_bReliance Publishing House
_c1992
300 _axii,556p.
650 _aStatistical Methods
942 _cTEXL
_h001.422, CHA
999 _c1378709
_d1378709